000 00541nam a2200181Ia 4500
001 21390
005 20260306172915.0
008 260306t2021||||xx |||||||||||||| ||spa||
041 _aESP
082 _a344.83
_bF35
100 _aFeijoo Sánchez, Bernardo
_eAUT
245 0 _aCompliance penal:
_bla responsabilidad "administrativa" de la persona jurídica y la atribución de responsabilidad penal a sus directivos
260 _c2021
300 _a350 páginas :
_c25 cm.
650 _aGEN
654 _aCDE
942 _cLIB
_dJUS
_fJUS
_2ddc
_n
999 _c21390
_d21390